ACC Football Champions of the Century - Statistics

General Stats
  • This quiz has been taken 60 times
  • The average score is 18 of 25
Answer Stats
Year Champion % Correct
2024 Clemson
100%
2022 Clemson
90%
2023 Florida State
90%
2020 Clemson
86%
2019 Clemson
83%
2018 Clemson
83%
2017 Clemson
83%
2016 Clemson
83%
2015 Clemson
83%
2014 Florida State
83%
2013 Florida State
81%
2012 Florida State
81%
2011 Clemson
71%
2021 Pittsburgh
67%
2005 Florida State
64%
2003 Florida State
62%
2002 Florida State
60%
2000 Florida State
60%
2010 Virginia Tech
57%
2008 Virginia Tech
55%
2007 Virginia Tech
55%
2009 Georgia Tech
52%
2004 Virginia Tech
45%
2006 Wake Forest
40%
2001 Maryland
36%
No matching quizzes found
Score Distribution
Percent of People with Each Score
Percentile by Number Answered
Your Score History
You have not taken this quiz